000 00546nam a2200181Ia 4500
003 GCL
008 140319s9999 xx 000 0 ara d
040 _aGCL /
_cGCL
082 0 4 _a862
_bل ز
100 1 _aمحمود على مكى
245 1 0 _aالزفاف الدامى /
_cمحمود على مكى
700 1 _aلوركا، فدريكوجريثا
300 _a152 ص
490 _aروائع المسرح العالمى
_v0
650 0 4 _aالادب الاسبانى
650 0 4 _aالمسرحيات الاسبانية
942 _2ddc
_cBK
999 _c50666
_d50666